| 000 | 00380nam a2200145Ia 4500 | ||
|---|---|---|---|
| 008 | 221030s9999 xx 000 0 und d | ||
| 020 | _a0070991537 | ||
| 041 | _aEnglish | ||
| 100 | _aR. A. Plastok | ||
| 245 | 0 |
_aTheory & Problems of Computer Graphics _cby R. A. Plastok |
|
| 260 |
_bMcGraw - Hill Pub. _aNew York _c1987 |
||
| 300 | _a340 | ||
| 650 | _aBB Computer | ||
| 942 | _cBK | ||
| 999 |
_c18902 _d18902 |
||